Modelling of reasonable profit in regulated industries

Skúmanie podmienok rovnováhy na trhu sieťových odvetví priemyslu. Ekonomický vplyv sieťových odvetví na národnú ekonomiku. Metódy regulácie. Regulácia na báze návratnosti. Miera výnosnosti regulácie. Averch - Johnson model regulácie účinkov.

Salvato in:
Dettagli Bibliografici
Autore principale: Fendek, Michal
Natura: Capitolo di libro
Lingua:inglese
Soggetti:
Tags: Aggiungi Tag
Nessun Tag, puoi essere il primo ad aggiungerne!!

MARC

LEADER 00000naa$a2200000$$$4500
001 0050391
005 20240502071559.4
041 0 |a eng 
044 |a SK 
245 1 0 |a Modelling of reasonable profit in regulated industries  |c Michal Fendek 
520 |a Skúmanie podmienok rovnováhy na trhu sieťových odvetví priemyslu. Ekonomický vplyv sieťových odvetví na národnú ekonomiku. Metódy regulácie. Regulácia na báze návratnosti. Miera výnosnosti regulácie. Averch - Johnson model regulácie účinkov. 
610 2 0 |a priemysel 
610 2 0 |a odvetvia sieťové 
610 2 0 |a zisk 
610 2 0 |a regulácia 
610 2 0 |a regulácia cenová 
610 2 0 |a modely 
610 2 0 |a modely ekonomicko-matematické 
100 1 |a Fendek, Michal